A survey of the subsurface saline water of Texas /

Bibliographic Details
Corporate Authors: Core Laboratories, Texas Water Development Board
Format: Government Document Book
Language:English
Published: Austin : Texas Water Development Board, 1972.
Series:Report (Texas Water Development Board) ; 157.
Subjects:

MARC

Tag First Indicator Second Indicator Subfields
LEADER 00000cam a2200000 i 4500
001 in00001053708
005 20150929091230.0
008 780203s1972 txub s00000 eng d
035 |a (OCoLC)03602457 
035 |9 AFL3526AM 
040 |a IKM  |c IKM  |d UtOrBLW 
043 |a n-us-tx 
049 |a IKMD 
086 |a W600.7 R299 157  |2 txdocs 
099 |a W600.7  |a R299  |a no.157 
110 2 |a Core Laboratories. 
245 1 2 |a A survey of the subsurface saline water of Texas /  |c prepared by Core Laboratories, Inc. under contract for the Texas Water Development Board. 
264 1 |a Austin :  |b Texas Water Development Board,  |c 1972. 
300 |a 8 volumes :  |b maps ;  |c 28 cm. 
336 |a text  |b txt  |2 rdacontent 
337 |a unmediated  |b n  |2 rdamedia 
338 |a volume  |b nc  |2 rdacarrier 
490 1 |a Report / Texas Water Development Board ;  |v 157 
500 |a "October 1972." 
505 0 |a v. 1. [Maps].--v. 2. Chemical analysis of saline water.--v. 3. Aquifer rock properties.--v. 4. Geologic well data, West Texas.--v. 5. Geologic well data, Panhandle.--v. 6. Geologic well data, Central Texas.--v. 7. Geologic well data, East Texas.--v. 8. Geologic well data, Gulf Coast. 
650 0 |a Saline waters  |z Texas. 
650 0 |a Groundwater  |z Texas  |x Tables. 
650 0 |a Water-supply  |z Texas  |x Tables. 
710 2 |a Texas Water Development Board. 
740 0 |a Chemical analyses of saline water. 
740 0 |a Aquifer rock properties. 
740 0 |a Geologic well data, West Texas. 
740 0 |a Geologic well data, Panhandle. 
740 0 |a Geologic well data, Central Texas. 
740 0 |a Geologic well data, East Texas. 
740 0 |a Geologic well date, Gulf Coast. 
830 0 |a Report (Texas Water Development Board) ;  |v 157. 
999 |a MARS 
999 f f |s 09dbc789-8a1a-36cc-8799-7c1944e29f2d  |i c2b401d5-716e-3f73-b84b-640d427b1b41  |t 0 
952 f f |p normal  |a Texas A&M University  |b College Station  |c Sterling C. Evans Library  |d Evans: Texas Documents (Annex 5th floor)  |t 0  |e W600.7 R299 157  |h Other scheme  |i unmediated -- volume  |k v.8  |m A14815838009 
952 f f |p normal  |a Texas A&M University  |b College Station  |c Sterling C. Evans Library  |d Evans: Texas Documents (Annex 5th floor)  |t 0  |e W600.7 R299 157  |h Other scheme  |i unmediated -- volume  |k v.1  |m A14814307110 
952 f f |p normal  |a Texas A&M University  |b College Station  |c Sterling C. Evans Library  |d Evans: Texas Documents (Annex 5th floor)  |t 0  |e W600.7 R299 157  |h Other scheme  |i unmediated -- volume  |k v.5  |m A14815837883 
952 f f |p noncirc  |a Texas A&M University  |b Galveston Campus  |c Jack K. Williams Library  |d Galveston Special Collections  |t 0  |e TD224.T4 A333  |g no.157  |h Library of Congress classification  |i unmediated -- volume  |m 33620001249693 
952 f f |p normal  |a Texas A&M University  |b College Station  |c Sterling C. Evans Library  |d Evans: Texas Documents (Annex 5th floor)  |t 0  |e W600.7 R299 157  |h Other scheme  |i unmediated -- volume  |k v.2  |m A14815837964 
952 f f |p normal  |a Texas A&M University  |b College Station  |c Sterling C. Evans Library  |d Evans: Texas Documents (Annex 5th floor)  |t 0  |e W600.7 R299 157  |h Other scheme  |i unmediated -- volume  |k v.7  |m A14815837891 
952 f f |p normal  |a Texas A&M University  |b College Station  |c Sterling C. Evans Library  |d Evans: Texas Documents (Annex 5th floor)  |t 0  |e W600.7 R299 157  |h Other scheme  |i unmediated -- volume  |k v.4  |m A14814608875 
952 f f |p normal  |a Texas A&M University  |b College Station  |c Sterling C. Evans Library  |d Evans: Texas Documents (Annex 5th floor)  |t 0  |e W600.7 R299 157  |h Other scheme  |i unmediated -- volume  |k v.6  |m A14815837956 
952 f f |p normal  |a Texas A&M University  |b College Station  |c Sterling C. Evans Library  |d Evans: Texas Documents (Annex 5th floor)  |t 0  |e W600.7 R299 157  |h Other scheme  |i unmediated -- volume  |k v.3  |m A14815837922 
952 f f |p withdrawn  |a Texas A&M University  |b College Station  |c Sterling C. Evans Library  |d Evans: Texas Documents (Annex 5th floor)  |t 0  |e W600.7 R299 157  |h Other scheme  |i unmediated -- volume  |k v.1  |m A14815837914 
998 f f |a TD224.T4 A333  |t 0  |l Galveston Special Collections 
998 f f |a W600.7 R299 157  |s v.2-v.8  |t 0  |l Evans: Texas Documents (Annex 5th floor) 
998 f f |a W600.7 R299 157  |s v.1  |t 0  |l Evans: Texas Documents (Annex 5th floor)